000 00869nam a2200229 i 4500
001 bg
100 1 _aJAROSIŃSKI, Krzysztof
245 1 0 _aFinansowanie inwestycji komunalnych w Polsce w warunkach samorządności lokalnej /
_cKrzysztof Jarosiński.
260 _aWarszawa :
_bSzkoła Główna Handlowa. Oficyna Wydaw.,
_c2003.
300 _a286 s. :
_bwykr. ;
_c24 cm.
490 1 _aMonografie i Opracowania,
_x0867-7727 ;
_v523
504 _aBibliogr.
650 9 _aInwestycje
_xfinanse
_zPolska
_yod 1989 r.
650 9 _aSamorząd terytorialny
_xinwestycje
_zPolska
_yod 1989 r.
830 _aMonografie i Opracowania,
_x0867-7727 ;
040 _cBPK
041 0 _apol
080 _a330.322:336.1:352/353(438)"1989/..."
942 _cKS
008 s pl f |000 0 pol
999 _c43779
_d43779
856 _uhttp://koha.tu.koszalin.pl/cgi-bin/koha/opac-detail.pl?biblionumber=43779
_yKatalog online BPK